MARC details
| 000 -LÍDER |
| campo de controle de tamanho fixo |
01539naa a22003617a 4500 |
| 001 - NÚMERO DE CONTROLE |
| campo de controle |
BR8501028 |
| 003 - IDENTIFICADOR DO NÚMERO DE CONTROLE |
| campo de controle |
BR-BrBNA |
| 005 - DATA E HORÁRIO DA ÚLTIMA TRANSAÇÃO |
| campo de controle |
20240918175537.0 |
| 007 - CAMPO FIXO DE DESCRIÇÃO FÍSICA--INFORMAÇÃO GERAL |
| campo de controle de tamanho fixo |
ta |
| 008 - CAMPO DE DADOS FIXOS--INFORMAÇÃO GERAL |
| campo de controle de tamanho fixo |
230509b bl.||||| |||| 00| 0 por d |
| 040 ## - FONTE DA CATALOGAÇÃO |
| Instituição da catalogação original |
BR-BrBNA |
| Idioma da catalogação |
por |
| Instituição que transcreveu o registro |
Biblioteca Nacional de Agricultura |
| 041 ## - CÓDIGO DE IDIOMA |
| Código do idioma do texto/trilha sonora ou título diferente |
(Pt) |
| 072 ## - CÓDIGO DE CATEGORIA DE ASSUNTO |
| Código de Categoria de Assunto |
F60 |
| Código do objeto |
0716 |
| -- |
3530 |
| -- |
3650 |
| 090 ## - NÚMERO DE CHAMADA LOCAL |
| Número de chamada |
F60 BR8501028 |
| 100 1# - ENTRADA PRINCIPAL--NOME PESSOAL |
| Nome pessoal |
Fachinello, J.C. |
| 100 1# - ENTRADA PRINCIPAL--NOME PESSOAL |
| Nome pessoal |
Kersten, E. |
| 100 1# - ENTRADA PRINCIPAL--NOME PESSOAL |
| Nome pessoal |
Silveira Junior, P. |
| 111 1# - ENTRADA PRINCIPAL--NOME DO EVENTO |
| Nome do evento ou lugar |
7. Congresso Brasileiro de Fruticultura |
| Local do evento |
Florianopolis, SC (Brazil) |
| Data do evento ou assinatura do tratado |
26-30 Sep 1983 |
| 245 1# - TÍTULO |
| Título |
Efeito do acido indolbutirico na percentagem de estacas lenhosas enraizadas e na obtencao de mudas de pessegueiro (Prunus persica (L.)Batsch)[estimulante de crescimento] |
| 246 1# - FORMA VARIANTE DO TÍTULO |
| Título/título abreviado |
Effect of indolebutyric acid on the percentage of rooted wood cuttings and on the obtaining of peach (Prunus persica (L.)Batsch)seedlings [growth promotor] |
| 246 1# - FORMA VARIANTE DO TÍTULO |
| Título/título abreviado |
[Proceedings of the 7. Brazilian Congress on Fruit Crops] |
| 260 3# - PUBLICAÇÃO, DISTRIBUIÇÃO, ETC. |
| Local de publicação, distribuição, etc. |
Florianopolis, SC (Brasil): |
| Data da publicação, distribuição, etc. |
1984. |
| 500 ## - NOTA GERAL |
| Nota geral |
Anais do 7. Congresso Brasileiro de Fruticultura<br/>Florianopolis, SC (Brasil): 1984. v. 4 p. 1088-1096<br/>(BR8501028-AM)F60<br/> |
| 650 ## - ASSUNTO--TERMO TÓPICO |
| Cabeçalho tópico ou nome geográfico |
PESSEGO |
| 650 ## - ASSUNTO--TERMO TÓPICO |
| Cabeçalho tópico ou nome geográfico |
VARIEDADE |
| 650 ## - ASSUNTO--TERMO TÓPICO |
| Cabeçalho tópico ou nome geográfico |
ESTACA |
| 650 ## - ASSUNTO--TERMO TÓPICO |
| Cabeçalho tópico ou nome geográfico |
ACIDO INDOLBUTIRICO |
| 650 ## - ASSUNTO--TERMO TÓPICO |
| Cabeçalho tópico ou nome geográfico |
ENRAIZAMENTO DE ESTACA |
| 650 ## - ASSUNTO--TERMO TÓPICO |
| Cabeçalho tópico ou nome geográfico |
MUDA |
| 773 0# - ENTRADA ANALÍTICA |
| Título |
Anais do 7. Congresso Brasileiro de Fruticultura |
| Número de controle do registro |
F60 BR8501028 |
| Partes relacionadas |
Florianopolis, SC (Brasil), 1984. v. 4 p. 1088-1096 |
| 909 ## - |
| -- |
202404 |
| -- |
Lucia |
| -- |
55 |
| -- |
Lucia Elande |
| 942 ## - ELEMENTOS DE ENTRADA ADICIONADOS (KOHA) |
| Tipo de material Koha |
Capítulo-Livro |
| Fonte da classificação ou esquema de arquivamento na estante |
Classificação AGRIS |